Report of the Secretary of the Treasury on the state of the finances for the year 1875

Detalles Bibliográficos
Formato: Libro
Lenguaje:English
Publicado: Washington : Government Printing Office, 1875.
Materias:
Colección:Banco de datos
Acervo:Universidad Autónoma Benito Juárez de Oaxaca. Biblioteca Francisco de Burgoa. Colección histórica
Descripción Física:LV, 852 p. ; 23 cm.
Tema general:Economía
Notas:Portada tipográfica con pleca. Texto a renglón seguido con paginación en números arábigos y romanos, notas a pie de página y cornisas. Encuadernación en tela sobre cartón. Sello en tinta de los libros cedidos por Matias Romero al Instituto de Ciencias y Artes de Oaxaca
LEADER 01025nam a22001810004500
035 |a 4921 
041 0 |a eng 
245 1 0 |a Report of the Secretary of the Treasury on the state of the finances for the year 1875 
260 |a Washington : Government Printing Office, 1875. 
300 |a LV, 852 p. ; 23 cm.  
500 |a Portada tipográfica con pleca. Texto a renglón seguido con paginación en números arábigos y romanos, notas a pie de página y cornisas. Encuadernación en tela sobre cartón. Sello en tinta de los libros cedidos por Matias Romero al Instituto de Ciencias y Artes de Oaxaca 
504 |a Al principio de la obra está el índice de contenido 
504 |a Al final de la obra está el índice alfabético 
650 1 0 |a Economía 
852 |a Universidad Autónoma "Benito Juárez" de Oaxaca, Biblioteca Francisco de Burgoa, Colección histórica 23860 
942 |c BURHIS 
943 |g Universidad Autónoma Benito Juárez de Oaxaca. Biblioteca Francisco de Burgoa. Colección histórica 
999 |c 1123764  |d 1123764